All Delta Airlines Destinations (2025) - Statistics

General Stats
  • This quiz has been taken 732 times
    150 since last reset
  • The average score is 188 of 315
Answer Stats
Hint Answer % Correct
Canada Toronto
97%
Canada Vancouver
95%
France Paris (CDG)
94%
Belgium Brussels
93%
Ireland Dublin
93%
United Kingdom London (Heathrow)
93%
Canada Montreal
93%
Arizona Phoenix
93%
Brazil Rio de Janeiro
93%
Italy Rome
93%
Australia Sydney
93%
Greece Athens
92%
Germany Berlin
92%
California Los Angeles
92%
Spain Madrid
92%
Mexico Mexico City
92%
California | Costa Rica San Jose
92%
Japan Tokyo
92%
Denmark Copenhagen
91%
California San Francisco
91%
Brazil Sao Paulo
91%
South Korea Seoul
91%
China Shanghai
91%
Colombia Bogota
90%
Argentina Buenos Aires
90%
Texas Dallas (DFW)
90%
Texas Dallas (Love Field)
90%
Hong Kong Hong Kong
90%
Portugal Lisbon
90%
Australia | Florida Melbourne
90%
New York New York (JFK)
90%
Chile Santiago de Chile
90%
Dominican Republic Santiago de los Caballeros
90%
Peru Lima
89%
Florida Miami
89%
Germany Munich
89%
California San Diego
89%
Massachusetts Boston
88%
Mexico Cancun
88%
South Africa Cape Town
88%
Colorado Denver
88%
Germany Frankfurt
88%
Cuba Havana
88%
Italy Milan (MXP)
88%
Switzerland Zurich
88%
Georgia Atlanta
87%
Spain Barcelona
87%
Illinois Chicago (Midway)
87%
Illinois Chicago (O'Hare)
87%
Michigan Detroit
87%
Guatemala Guatemala City
87%
South Africa Johannesburg
87%
Nevada Las Vegas
87%
New York New York (LGA)
87%
Florida | Panama Panama City
87%
Italy Venice
87%
Netherlands Amsterdam
86%
Alaska Anchorage
86%
Australia Brisbane
86%
Maine | Oregon Portland
86%
Taiwan Taipei
86%
Israel Tel Aviv
86%
New Zealand Auckland
85%
Texas Austin
85%
Texas Houston (Hobby)
85%
Texas Houston (IAH)
85%
Florida Orlando
85%
Pennsylvania Philadelphia
85%
Czechia Prague
85%
Washington Seattle/Tacoma
85%
Sweden Stockholm
85%
Florida Tampa
85%
Alabama Birmingham
84%
Hawaii Honolulu
84%
Bahamas Nassau
84%
New Jersey Newark
84%
Canada Calgary
83%
Indiana Indianapolis
82%
Missouri Kansas City
82%
Nigeria Lagos
82%
Iceland Reykjavik
82%
Utah Salt Lake City
82%
Texas San Antonio
82%
Belize Belize City
81%
Mississippi | Wyoming Jackson
81%
Louisiana New Orleans
81%
France Nice
81%
Georgia | Mississippi | Ohio Columbus
80%
Minnesota Minneapolis
80%
Ecuador Quito
80%
Ohio Cleveland
79%
United Kingdom Edinburgh
79%
Italy Naples
79%
Tennessee Nashville
79%
Oklahoma Oklahoma City
79%
California Sacramento
79%
Arizona Tucson
79%
New York Buffalo
78%
North Carolina Charlotte
78%
Malta Malta
78%
Tennessee Memphis
78%
El Salvador San Salvador
78%
Jamaica Kingston
77%
Arkansas Little Rock
77%
Portugal Porto
77%
Maryland Baltimore
76%
Idaho Boise
76%
Florida | North Carolina Jacksonville
76%
Pennsylvania Pittsburgh
76%
Puerto Rico San Juan
76%
Dominican Republic Santo Domingo
76%
Georgia | New York Albany
75%
South Carolina | West Virginia Charleston
74%
Kentucky Louisville
74%
Ghana Accra
73%
New Mexico Albuquerque
73%
Ohio Cincinnati
73%
Nebraska Omaha
73%
Nevada Reno
73%
Missouri St. Louis
73%
Colorado Colorado Springs
72%
Texas El Paso
72%
Alaska Juneau
72%
Senegal Dakar
71%
Alabama Montgomery
71%
Iowa Des Moines
70%
North Carolina Raleigh/Durham
70%
Canada Winnipeg
70%
Mexico Guadalajara
69%
Rhode Island Providence
69%
Alaska Fairbanks
68%
Connecticut Hartford
68%
California Oakland
68%
Antigua and Barbuda Antigua
67%
Florida Fort Lauderdale
67%
Wisconsin Milwaukee
67%
Alabama Mobile
66%
Dominican Republic Punta Cana
66%
Jamaica Montego Bay
65%
Virginia Richmond
65%
St. Kitts and Nevis Saint Kitts
65%
Barbados Barbados
64%
Louisiana Baton Rouge
64%
Grenada Grenada
64%
Wisconsin Madison
64%
St. Lucia Saint Lucia
64%
St. Vincent & Grenadines Saint Vincent
64%
Georgia Savannah
64%
Missouri Springfield/Branston
64%
Virginia Washington (Dulles)
64%
Virginia Washington (Reagan)
64%
Kansas Wichita
64%
Oklahoma Tulsa
63%
North Dakota Bismarck
62%
Florida Tallahassee
62%
California Fresno
61%
Canada Halifax
61%
Mexico Monterrey
61%
Ohio Dayton
60%
Mexico San Jose del Cabo
60%
Florida Fort Myers
59%
Tennessee Knoxville
59%
Minnesota | New York Rochester
59%
Ireland Shannon
59%
New York Syracuse
59%
Michigan Grand Rapids
57%
South Dakota Sioux Falls
57%
South Carolina Columbia
56%
Wisconsin Green Bay
56%
Montana Helena
56%
Utah St. George
56%
North Carolina Greensboro
55%
Florida Key West
55%
North Dakota Fargo
54%
Kentucky Lexington
54%
Pennsylvania Harrisburg
53%
Washington Spokane
53%
Georgia Augusta
52%
Vermont Burlington
52%
Alabama Huntsville
52%
Montana Billings
51%
Netherlands Aruba
50%
Tennessee Chattanooga
50%
Oregon Eugene
50%
Arkansas | North Carolina Fayetteville
50%
South Carolina Greenville/Spartanburg
50%
Idaho Idaho Falls
50%
Michigan Lansing
50%
Virginia Norfolk
50%
California Santa Ana
50%
Florida Sarasota/Bradenton
50%
Montana Bozeman
49%
Colombia Cartagena
49%
Colorado Aspen
48%
Netherlands Curacao
48%
Minnesota Duluth
48%
Indiana Fort Wayne
48%
Louisiana Shreveport
48%
Colorado Vail/Eagle
48%
California Palm Springs
47%
Florida Pensacola
47%
Mexico Puerto Vallarta
47%
Maine Bangor
46%
California Ontario
46%
California Burbank
45%
Iowa Cedar Rapids
45%
Hawaii Kailua/Kona
45%
California Long Beach
45%
South Carolina Myrtle Beach
45%
Netherlands Sint Maarten
45%
Massachusetts Worcester
45%
Florida Gainesville
43%
Costa Rica Liberia
43%
Florida Daytona Beach
42%
Florida West Palm Beach
42%
Pennsylvania Allentown
41%
Netherlands Bonaire
41%
California Santa Barbara
41%
US Virgin Islands St. John
41%
North Carolina Asheville
40%
Montana Missoula
40%
Virginia Roanoke
40%
Mississippi Gulfport/Biloxi
39%
Louisiana Lafayette
39%
Hawaii Lihue
39%
Oregon Redmond/Bend
39%
Indiana South Bend
39%
North Carolina Wilmington
39%
Italy Catania
38%
Hawaii Kahului
38%
Mexico Cozumel
36%
South Dakota Rapid City
36%
Wisconsin Appleton
35%
Idaho Pocatello
35%
Colorado Grand Junction
34%
New York Ithaca
33%
Michigan Kalamazoo/Battle Creek
33%
Massachusetts Martha's Vineyard
33%
Texas McAllen
33%
Honduras San Pedro Sula
33%
US Virgin Islands St. Croix
33%
Montana Butte
32%
Massachusetts Nantucket
32%
Illinois Bloomington
31%
Florida Destin/Fort Walton Beach
31%
United Kingdom Grand Cayman
31%
United Kingdom Providenciales
31%
Virginia Charlottesville
30%
United Kingdom Bermuda
29%
Indiana Evansville
29%
Texas Midland
29%
North Dakota Minot
29%
Mexico Tulum
29%
Montana Great Falls
28%
Louisiana Monroe
28%
Honduras Roatan
28%
Tennessee Blountville (Tri-Cities)
27%
North Dakota Grand Forks
27%
New York White Plains
27%
Louisiana Alexandria
26%
Nevada Elko
26%
Oregon Medford
26%
South Dakota Aberdeen
25%
South Carolina Hilton Head Island
25%
Michigan Traverse City
25%
Mexico Mazatlan
24%
Michigan Sault Ste Marie
24%
Idaho Twin Falls
24%
Idaho Hailey/Sun Valley
23%
Dominican Republic Puerto Plata
23%
Montana Kalispell
22%
Colorado Montrose
22%
Michigan Saginaw
22%
New York Binghamton
21%
Alabama Dothan
21%
Colorado Hayden
21%
Michigan Marquette
21%
France Tahiti
21%
Minnesota Bemidji
20%
Iowa Moline / Quad Cities
20%
Italy Olbia
20%
Georgia Valdosta
20%
Illinois Moline
17%
Washington Pasco
16%
Georgia Brunswick
15%
Minnesota International Falls
15%
Idaho Lewiston
15%
New York Elmira/Corning
14%
Wisconsin Wausau
14%
Utah Cedar City
13%
Texas Harlingen
13%
Bahamas Marsh Harbor
13%
Bahamas North Eleuthera
13%
South Dakota Watertown
12%
North Dakota Williston
12%
Minnesota Brainerd
10%
Michigan Alpena
8%
Michigan Escanaba
7%
Bahamas Great Exuma
7%
Minnesota Hibbing
7%
Michigan Pellston
7%
Wisconsin Rhinelander
7%
Wisconsin Iron Mountain
6%
No matching quizzes found
Score Distribution
Percent of People with Each Score
Percentile by Number Answered
Your Score History
You have not taken this quiz since the last reset